| 000 | 00413pab a2200145 454500 | ||
|---|---|---|---|
| 008 | 180718b xxu||||| |||| 00| 0 eng d | ||
| 100 | _aDwivedi R.S. | ||
| 245 | _aCreative orientation and theoretical assumptions among executives: an empirical study | ||
| 362 | _aWinter 1993/Spring 1994, p.1-10 | ||
| 650 | _a Management | ||
| 650 | _aExecutives | ||
| 700 | _aDwivedi Sita | ||
| 773 | _aAbhigyan | ||
| 909 | _a27297 | ||
| 999 |
_c27297 _d27297 |
||